000 00465nam a22001097a 4500
082 _a900
100 _aपाेल,प्रशांत
_983915
245 _aवे पंद्रह दिन (1 अगस्‍त 1947से 15अगस्‍त 1947 के निर्णायक दिनों की गाथा)
260 _a दिल्‍ली
_bज्ञान गंगा प्रकाशन
_c2025
650 _aइतिहास
942 _cBK
999 _c68922
_d68922